Logo BPK

Biblioteka

Politechniki Koszalińskiej

Researching Culture : (Rekord nr 50164)

Szczegóły MARC
000 -ETYKIETA REKORDU
podpole kontrolne o stałej długości 00667nam a2200229 i 4500
001 - NUMER KONTROLNY REKORDU
pole kontrolne bgj
020 ## - MIĘDZYNARODOWY ZNORMALIZOWANY NUMER KSIĄŻKI - ISBN
ISBN 0803978316 (pbk)
040 ## - ŹRÓDŁO KATALOGOWANIA
Instytucja, która utworzyła rekord BPK
041 0# - KOD JĘZYKA
Kod języka tekstu eng
920 ## - Międzynarodowy znormalizowany numer książki – ISBN
ISBN 0-8039-7831-6 (pbk)
008 - POLE O STAŁEJ DŁUGOŚCI - DANE KONTROLNE
podpole kontrolne o stałej długości s uk f |000 0 eng
100 1# - NAZWA OSOBOWA
Nazwa osobowa ALASUUTARI, Pertti
245 10 - TYTUŁ/ODPOWIEDZIALNOŚĆ
Tytuł Researching Culture :
Ciąg dalszy tytułu qualitative method and cultural studies /
Pozostałe elementy strefy tytułu i oznaczenia odpowiedzialności Pertti Alasuutari.
250 ## - STREFA WYDANIA
Oznaczenie wydania [Repr.].
260 ## - STREFA ADRESU WYDAWNICZEGO
Miejsce wydania London [etc.] :
Nazwa wydawcy/dystrybutora Sage Publications,
Data publikacji, dystrybucji/powstania dokumentu 1996.
300 ## - STREFA OPISU FIZYCZNEGO
Objętość VII, 208 pp :
Inne cechy fizyczne fig. ;
Rozmiary 24 cm.
500 ## - UWAGI OGÓLNE
Tekst uwagi 1st published in 1995.
504 ## - UWAGA DOTYCZĄCA BIBLIOGRAFII
Informacje o bibliografii References p. 193-200.
505 ## - SFORMALIZOWANA UWAGA DOTYCZĄCA ZAWARTOŚCI
Pełny tekst uwagi Includes index.
650 #9 - HASŁO PRZEDMIOTOWE W FORMIE NAZWY OGÓLNEJ LUB JEDNOSTKOWEJ
Nazwa ogólna lub geograficzna Ethnology
Określnik ogólny Methodology
856 ## - LOKALIZACJA I DOSTĘP DO ELEKTRONICZNYCH DOKUMENTÓW ZDALNYCH
Link (URL) http://koha.tu.koszalin.pl/cgi-bin/koha/opac-detail.pl?biblionumber=50164
Tekst linku Katalog online BPK
942 ## - DODATKOWE ELEMENTY (KOHA)
Typ dokumentu Książka
Egzemplarze
Wycofany Status egzemplarza Uszkodzony Dostępność Lokalizacja stała Lokalizacja bieżąca Miejsce przechowywania Sygnatura Kod kreskowy Typ dokumentu
      Dostępny Biblioteka Politechniki Koszalińskiej Biblioteka Politechniki Koszalińskiej Wypożyczalnia Językowa BR 64 09000360 Książka
© 2023 Biblioteka Politechniki Koszalińskiej :: KOHA